History Quiz

Random History or Clickable Quiz

Chapter 10 Test Quiz Stats

 Plays Quiz not verified by Sporcle

Also try: In Memoriam: 2010
Challenge
Share
Tweet
Embed
Score 0/15 Timer 20:00
0 Plays Today
% Correct
James Monroe
100%
Cede
90.9%
The Monroe Doctrine
90.9%
The Trail of Tears
90.9%
Charter
81.8%
James Monroe
81.8%
Nullification
81.8%
Henry Clay
81.8%
% Correct
Nominating Conventions
81.8%
Simon Bolivar
81.8%
Suffrage
81.8%
McCulloch v. Maryland
72.7%
William Henry Harrison
72.7%
Martin Van Buren
72.7%
Nominating Conventions
63.6%

You're not logged in!

Compare scores with friends on all Sporcle quizzes.
Join for Free
OR
Log In

You Might Also Like...

Show Comments

Extras

Created Mar 5, 2013ReportNominate
Tags:Clickable Quiz, chapter, test

Top Quizzes Today


Score Distribution

Your Account Isn't Verified!

In order to create a playlist on Sporcle, you need to verify the email address you used during registration. Go to your Sporcle Settings to finish the process.

Report this User

Report this user for behavior that violates our Community Guidelines.

Details: